Sports Quiz

Random Sports or Cricket Quiz

Top Test Cricket Wicket Takers by Team Quiz Stats

 Plays Quiz Updated Jan 22, 2021

     
Support Sporcle.
Go Orange.
Score 0/100 Timer 10:00
19 Plays Today
% Correct
Shane Warne
94.8%
James Anderson
89.9%
Glenn McGrath
89.2%
Stuart Broad
86.5%
Muttiah Muralitharan
78.2%
Brett Lee
76.4%
Ian Botham
75.9%
Dale Steyn
75.7%
Anil Kumble
75.1%
Imran Khan
74.3%
Zaheer Khan
73.8%
Wasim Akram
71.4%
Curtly Ambrose
70.6%
Mitchell Johnson
70.3%
Courtney Walsh
70.1%
Daniel Vettori
69.8%
Trent Boult
69.8%
Shaun Pollock
69%
Nathan Lyon
67.9%
Waqar Younis
67.1%
Harbhajan Singh
66.1%
Richard Hadlee
64.5%
Kapil Dev
64.2%
Dennis Lillee
63.9%
Graeme Swann
63.4%
Ravichandran Ashwin
61.6%
Jason Gillespie
61.1%
Chaminda Vaas
60.2%
Michael Holding
59.8%
Makhaya Ntini
58.3%
Allan Donald
58.3%
Tim Southee
57%
Malcolm Marshall
56.9%
Morne Morkel
54.9%
% Correct
Shakib Al Hasan
53.7%
Jacques Kallis
53%
Bob Willis
52.8%
Rangana Herath
49.6%
Heath Streak
49.1%
Joel Garner
47.3%
Matthew Hoggard
46%
Lasith Malinga
42.9%
Ishant Sharma
42.8%
Fred Trueman
42.8%
Kagiso Rabada
40.7%
Vernon Philander
40.1%
Shoaib Akhtar
39.9%
Saqlain Mushtaq
38.4%
Neil Wagner
35.6%
Craig McDermott
35.5%
Javagal Srinath
34.8%
Richie Benaud
34.6%
Kemar Roach
34%
Chris Cairns
34%
Derek Underwood
33.8%
Garry Sobers
33.7%
Lance Cairns
33.7%
Bishan Bedi
33.7%
Mushtaq Ahmed
33.1%
Mashrafe Mortaza
33%
Andy Roberts
32.9%
Ravindra Jadeja
29.5%
Yasir Shah
29%
Saeed Ajmal
28.8%
Abdul Qadir
28.7%
Lance Gibbs
26.5%
Chris Martin
26.3%
Sanath Jayasuriya
24.7%
% Correct
Danish Kaneria
23.4%
Paul Adams
23.2%
Suranga Lakmal
21.5%
Mitchell Starc
19.8%
Brian Statham
19.5%
Henry Olonga
19.4%
Mohammad Rafique
19.4%
Dilhara Fernando
18.9%
Alec Bedser
18.7%
Dilruwan Perera
17.5%
Mahmudullah
17.3%
Wes Hall
17.1%
Bhagwath Chandrasekhar
17%
Paul Strang
15.9%
Danny Morrison
15.9%
Bryan Strang
15.8%
Ray Price
15%
Shahadat Hossain
14.9%
Dhammika Prasad
14%
Taijul Islam
13.3%
Ewen Chatfield
10.6%
Mehidy Hasan Miraz
9.1%
Hugh Tayfield
8.8%
Pommie Mbangwa & Sikandar Raza
8.4%
Enamul Haque jnr
8.2%
Guy Whittall
7.7%
Graeme Cremer
7.6%
Andy Blignaut
7%
Kyle Jarvis
6.6%
Pramodya Wickramasinghe
6.3%
Tapash Baisya
4.8%
Sohag Gazi
4.3%

From the Vault

'K' Pictures by Category

by druhutch

We see right through you 'K', you're nothing but a trumped up 'C'!
Remove Ads.
Support Sporcle.
Get the best of Sporcle when you Go Orange. This ad-free experience offers more features, more stats, and more fun while also helping to support Sporcle. Thank you for becoming a member.

Show Comments

Extras

Top Quizzes Today


Score Distribution

Your Account Isn't Verified!

In order to create a playlist on Sporcle, you need to verify the email address you used during registration. Go to your Sporcle Settings to finish the process.

Report this User

Report this user for behavior that violates our Community Guidelines.

Details: